000 00759nam a2200289Ia 4500
005 20260324134439.0
008 008 260324s9999 xx 000 0 eng d
020 _a9781315182827
037 _aEBOOK
040 _aCRL
040 _beng
040 _cCRL
041 _2eng
041 _aeng
084 _qCRL
100 _aRobert Compton
_91196850
245 0 _aTransforming East Asian Domestic and International Politics: The Impact of Economy and Globalization
245 4 _bThe Impact of Economy and Globalization
260 _bTaylor and Francis
260 _c2002
365 _a
365 _b115
856 _uhttp://www.taylorfrancis.com/books/9781315182827
942 _cEBOOK
999 _c1796964
_d1796964